000
00325nam a2200133Ia 4500
008
200103s9999||||xx |||||||||||||| ||und||
040
_a
IMU-MPC
082
_a
Column-33
100
_a
Burghardt, H. D.
245
0
_a
Machine Tool Operation
260
_b
McGraw-Hill Book Company, Inc.
_c
1944
300
_a
xiv, 416
942
_c
BK
999
_c
7808
_d
7808